| Tag |
First Indicator |
Second Indicator |
Subfields |
| LEADER |
00000cjm a2200000 a 4500 |
| 001 |
in00001406490 |
| 005 |
20151020072724.0 |
| 007 |
sd fungnn|||ed |
| 008 |
980106s1993 nyuopn dfi eng d |
| 028 |
0 |
2 |
|a AMTC 101
|b Lyric Theatre International
|
| 035 |
|
|
|a (OCoLC)38159006
|
| 035 |
|
|
|9 AHQ3427AM
|
| 040 |
|
|
|a GDC
|c GDC
|d TXA
|d UtOrBLW
|
| 049 |
|
|
|a TXAV
|
| 090 |
|
|
|a M1500.S688
|b D48 1993
|
| 100 |
1 |
|
|a Sousa, John Philip,
|d 1854-1932.
|
| 240 |
1 |
0 |
|a Désirée
|
| 245 |
1 |
0 |
|a Désirée :
|b America's first comic opera /
|c by John Philip Sousa & Edward M. Taber ; restoration by Jerrold Fisher & William Martin.
|
| 264 |
|
1 |
|a New York :
|b Lyric Theatre International,
|c [1993]
|
| 264 |
|
4 |
|c ©1993
|
| 300 |
|
|
|a 1 sound disc :
|b digital ;
|c 4 3/4 in. +
|e 1 souvenir libretto (42 pages ; 22 cm.)
|
| 336 |
|
|
|a performed music
|b prm
|2 rdacontent
|
| 337 |
|
|
|a audio
|b s
|2 rdamedia
|
| 338 |
|
|
|a audio disc
|b sd
|2 rdacarrier
|
| 538 |
|
|
|a Compact disc.
|
| 500 |
|
|
|a Comic opera in two acts.
|
| 500 |
|
|
|a "John Philip Sousa American musical theatre collection."
|
| 511 |
0 |
|
|a Jody Darin Applebaum, Melissa Thorburn, Karen Brunssen, David Price, Richard Lissemore, and Goege Bass, vocal soloists ; Pocono Pops Orchestra & Chorus, Jerrold Fisher, conductor.
|
| 518 |
|
|
|a Recorded live-in-concert Aug. 29, 1993, East Stroudsburg, PA High School.
|
| 500 |
|
|
|a Program notes by William Martin ([12] pages) inserted in container.
|
| 500 |
|
|
|a Sound recording.
|
| 650 |
|
0 |
|a Operas.
|
| 700 |
1 |
|
|a Taber, Edward M.,
|e librettist.
|
| 700 |
1 |
|
|a Applebaum, Jody,
|e performer.
|
| 700 |
1 |
|
|a Thorburn, Melissa,
|e performer.
|
| 700 |
1 |
|
|a Brunssen, Karen,
|e performer.
|
| 700 |
1 |
|
|a Price, David
|c (Singer)
|
| 700 |
1 |
|
|a Lissemore, Richard,
|e performer.
|
| 700 |
1 |
|
|a Bass, George
|c (Singer),
|e performer.
|
| 700 |
1 |
|
|a Fisher, Jerrold,
|e conductor,
|e arranger.
|
| 700 |
1 |
|
|a Martin, William,
|e arranger.
|
| 710 |
2 |
|
|a Pocono Pops Orchestra,
|e performer.
|
| 710 |
2 |
|
|a Pocono Pops Chorus,
|e performer.
|
| 948 |
|
|
|a c:jlg
|
| 999 |
|
|
|a MARS
|
| 999 |
f |
f |
|s 16ffa510-1360-3e05-9474-c960d1e80d8d
|i b6e79440-df9d-319d-b285-dee9b81688e6
|t 0
|
| 952 |
f |
f |
|p ric
|a Texas A&M University
|b Rellis Campus
|c Joint Library Facility
|d Remote Storage
|t 0
|e M1500.S688 D48 1993
|h Library of Congress classification
|i audio -- audio disc
|m A14823304365
|
| 998 |
f |
f |
|a M1500.S688 D48 1993
|t 0
|l Remote Storage
|